| 000 | 00748aam a2200265 4500 | ||
|---|---|---|---|
| 005 | 20260309154642.0 | ||
| 008 | 150421b xxu||||| |||| 00| 0 spa d | ||
| 020 | _a8447026884 | ||
| 041 | _aESP | ||
| 082 | _a364.147 G934i | ||
| 100 |
_aGuerrero Pico, María del Carmen _934506 |
||
| 245 | _aEl impacto de Internet en el derecho fundamental a la protección de datos de carácter personal | ||
| 260 | _aEspaña | ||
| 260 | _bThomson | ||
| 260 | _c2006 | ||
| 300 | _a587 páginas | ||
| 490 | _aInvestigación Criminal | ||
| 650 | _aRROTECCIÓN DE DATOS | ||
| 650 | _aEVOLUCIÓN NORMATIVA | ||
| 650 | _aUSO INFORMÁTICO | ||
| 650 | _aDERECHO DE LAS PERSONAS | ||
| 650 | _aINTERNET | ||
| 650 | _aENTORNO VIRTUAL | ||
| 942 |
_cBK _2ddc |
||
| 999 |
_c4929 _d4929 |
||